| 000 | 00799nam a2200205Ia 4500 | ||
|---|---|---|---|
| 003 | GCL | ||
| 008 | 140319s9999 xx 000 0 ara d | ||
| 040 |
_aGCL / _cGCL |
||
| 082 | 0 | 4 |
_a050 _bع ا |
| 100 | 1 | _aعبدالستار ابراهيم | |
| 245 | 1 | 0 |
_aالاكتئاب : اضطراب العصر الحديث فهمة و اساليب علاجة(عالم المعرفة239) / _cعبدالستار ابراهيم |
| 260 |
_aالكويت : _bالمجلس الوطنى للثقافة والفنون والاداب ، _c1998 |
||
| 300 |
_a415 ص ؛ _c20 سم |
||
| 490 |
_aعالم المعرفة _v239 |
||
| 650 | 0 | 4 | _aالامراض النفسية |
| 650 | 0 | 4 | _aالاكتئاب النفسى |
| 650 | 0 | 4 | _aالاضطرابات العصبية |
| 650 | 0 | 4 | _aالدوريات |
| 942 |
_2ddc _cBK |
||
| 999 |
_c27418 _d27418 |
||